<?xml version="1.0" encoding="UTF-8"?>
<collection xmlns="http://www.loc.gov/MARC21/slim">
 <record>
  <leader>00482pamaa2200169   4500</leader>
  <controlfield tag="001">0000020750</controlfield>
  <controlfield tag="005">20090915090000.0</controlfield>
  <datafield tag="020" ind1="0" ind2="0">
   <subfield code="a">0070260729 </subfield>
  </datafield>
  <datafield tag="090" ind1="0" ind2="0">
   <subfield code="a">TA682.455 </subfield>
   <subfield code="b">HAN 1991</subfield>
  </datafield>
  <datafield tag="100" ind1="1" ind2="0">
   <subfield code="a">HANSEN </subfield>
  </datafield>
  <datafield tag="245" ind1="1" ind2="0">
   <subfield code="a">Roller-compacted concrete dams  </subfield>
   <subfield code="c">Kenneth D. Hansen and William G. Reinhardt.</subfield>
  </datafield>
  <datafield tag="260" ind1="0" ind2="0">
   <subfield code="a">New York: </subfield>
   <subfield code="b">McGraw Hill, </subfield>
   <subfield code="c">1991.</subfield>
  </datafield>
  <datafield tag="300" ind1=" " ind2=" ">
   <subfield code="a">x, 298p.: </subfield>
   <subfield code="b">ill.; </subfield>
   <subfield code="c">24cm.</subfield>
  </datafield>
  <datafield tag="650" ind1="0" ind2="0">
   <subfield code="a">Concrete dams </subfield>
  </datafield>
  <datafield tag="650" ind1="0" ind2="0">
   <subfield code="a">Roller compacted concrete </subfield>
  </datafield>
  <datafield tag="700" ind1="1" ind2="1">
   <subfield code="a">Reinhardt, </subfield>
   <subfield code="h">William G. </subfield>
  </datafield>
 </record>
</collection>
